00840cam a2200205 a 4500020002200000020001800022082001400040100002900054245004500083250001200128260004800140300002100188500014700209500002000356650003200376856006800408942000700476999001500483952013600498 a0486449785 (pbk.) a978048644978400a536.7 NAS1 aNash, Leonard Kollender,10aElements of statistical thermodynamics / a2nd ed. aMineola, N.Y. :bDover Publications,c2006. a138 p. :bill. ; aOriginally published: 2nd ed. Reading, Mass. : Addison-Wesley Pub. Co., 1974, in series: Addison-Wesley series in the principles of chemistry. aIncludes index. 0aStatistical thermodynamics.42uhttp://www.loc.gov/catdir/enhancements/fy0625/2005053778-d.html cBK c3359d3359 0010708NFICaMLCampusbMLCampuscGENd2016-05-18hdonationl2o536.7 NASp007108r2022-11-17 00:00:00s2020-01-16w2016-05-18yBK